000 00266nam a22001097a 4500
082 _a380.10294
_bMAS
_cD
110 _aM.A.S Agencies
_938361
245 _aMAS yellow pages.
300 _a913p.:
_bill.;
526 _a0
_b0
_c0
_d380_102940000000000_MAS
942 _2ddc
_cBK
999 _c542974
_d542974